000 00674cam a2200205 a 4500
001 000002891
005 20200929150258.0
008 771031t19701969sp 000 p spa
040 _aDO-SdBNP
_bspa
_dBNPHU
082 _aCu861.44
_bG724n
100 1 _aGoytisolo, José Agustín,
_d1928-1999.
_99185
245 1 0 _aNueva poesía cubana :
_bantología poética /
_cJosé Agustín Goytisolo.
260 _aBarcelona :
_bPenínsula,
_c1970.
300 _a236, [2] p. ;
_c18 cm.
490 1 _aIbérica
_v11
650 4 _aPoesía cubana
_ySIGLO XX
_99139
650 4 _aLiteratura cubana
_ySIGLO XX
_99186
830 0 _aIbérica
_v11
_99187
910 _aValidado. Control de calidad BNPHU
999 _c2725
_d2725